000 00227 a2200097 4500
001 34651
100 _aWempen, Faithe
245 _aTen Minute guide to Microsoft Access 2000
260 _aND
_bPHI
_c1999
090 _c22934
_d22934
942 _aNUST-CAE
_cM
_c14374
999 _c269724
_d269724